|
|
|
|
| LEADER |
01023pam a22002538a 4500 |
| 001 |
00022847 |
| 005 |
20171026081025.0 |
| 008 |
110606s1984 ||||||Viesd |
| 041 |
0 |
# |
|a Vie
|
| 082 |
1 |
4 |
|a 398.8
|b C100D
|
| 100 |
0 |
# |
|a Đỗ Văn Tân
|e Chủ biên
|
| 245 |
0 |
0 |
|a Ca dao Đồng Tháp Mười
|c Đỗ Văn Tân, Vũ Hoàng Đoàn, Đinh Thiên Hương
|
| 260 |
# |
# |
|a Đồng Tháp
|b Sở Văn hóa - Thông tin Đồng Tháp
|c 1984
|
| 300 |
# |
# |
|a 152 tr.
|c 19 cm.
|
| 650 |
# |
4 |
|a Ca dao
|
| 650 |
# |
4 |
|a Văn học dân gian
|
| 653 |
# |
# |
|a Tháp Mười
|
| 700 |
0 |
# |
|a Vũ Hoàng Đoàn
|e tác giả
|
| 700 |
0 |
# |
|a Đinh Thiên Hương
|e tác giả
|
| 852 |
# |
# |
|b Kho mượn
|j KM.0011623, KM.0011624, KM.0011620, KM.0011621, KM.0011622
|
| 852 |
# |
# |
|b Kho đọc
|j KD.0009243
|
| 852 |
# |
# |
|j KD.0009243
|j KM.0011623
|j KM.0011624
|j KM.0011621
|j KM.0011620
|j KM.0011622
|
| 910 |
0 |
# |
|a nhnam
|d 06/06/2011
|
| 980 |
# |
# |
|a Trung tâm Học liệu Lê Vũ Hùng, Trường Đại học Đồng Tháp
|